Великий українсько-англійський словник. (Запис № 291963)

МАРК-запис
000 -Лідер
fixed length control field 00464nam a22001937a 4500
003 - Ідентифікатор контрольного номера
control field UA-OsUOA
001 - Контрольний номер
control field 5801
007 - Фіксоване поле фізичного опису
fixed length control field ta
008 - Елементи даних фіксованої довжини – загальна інформація
fixed length control field 20050721b un ||||| |||| 00| 0 ukr d
040 ## - Джерело каталогізації
Агенція оригінальної каталогізації UA-OsUOA
Агенція, яка здійснювала перезапис UA-OsUOA
Агенція, яка здійснювала модифікацію UA-OsUOA
100 ## - Основне введення – ім’я особи
Ім’я особи (НП) Попов
245 ## - Відомості про назву
Назва (НП) Великий українсько-англійський словник.
Решта назви (НП) Reference
650 #7 - Додаткове предметне введення – тематичний термін
Джерело заголовка чи терміна UDC
700 ## - Додаткове введення – ім'я особи
Ім’я особи (НП) Є.Ф.
700 ## - Додаткове введення – ім'я особи
Ім’я особи (НП) Балла
700 ## - Додаткове введення – ім'я особи
Ім’я особи (НП) М.І.
942 ## - Додаткові елементи входу (Коха)
Тип елемента Koha Книги
955 ## - Код типу видання за змістом
Код типу видання за змістом (НП) Навчальні видання

Немає доступних примірників.